000 00701ntaaa2200205 4500
003 01
005 20251027202244.0
008 0714s1973 ag 01
040 _aAR-BaBN
_bspa
_cAR-BaBN
_eaacr
_dRIC
082 _a268.4000 J96
100 _aJunta de Escuelas Parroquiales, Iglesia Luterana Unida
_920930
245 _aEl trabajo del superintendente de la escuela dominical
250 _a1 ed.
260 _aNew York :
_bJunta de Escuelas Parroquiales de la Iglesia Luterana Unida,
_cs.f.
300 _a31 p
500 _aManual para ayudar al superintendente de la escuela dominical a mejorar su trabajo
650 _aescuela dominical
_94648
650 _aeducación religiosa
_94601
942 _cBK
999 _c17322
_d17322